ბათუმის შოთა რუსთაველის სახელმწიფო უნივერსიტეტის ბიბლიოთეკა

დიაგნოსტიკური ძიება შინაგან სნეულებათა კლინიკაში : (ბიბ.ჩანაწერი № 36615)

000 -ლიდერი
ფიქსირებული სიგრძის საკონტროლო ველი 02083nam a2200301Ia 4500
001 - საკონტროლო ნომერი
საკონტროლო ველი 2535
003 - საკონტროლო ნომრის იდენტიფიკატორი
საკონტროლო ველი GE_BSU
005 - ბოლო ოპერაციის თარიღი და დრო
საკონტროლო ველი 20200127100915.0
008 - ფიქსირებული სიგრძის მონაცემთა ელემენტები - ზოგადი ინფორმაცია
ფიქსირებული სიგრძის საკონტროლო ველი 181216s2009||||ge |||||||||||||| ||geo||
020 ## - წიგნის საერთაშორისო სტანდარტული ნომერი
International Standard Book Number 9789941016417
040 ## - კატალოგიზაციის წყარო
Transcribing agency GE_BSU
041 ## - ენის კოდი
Language code of text/sound track or separate title geo
080 ## - უნივერსალური ათობითი კლასიფიკაციის ინდექსი
Universal Decimal Classification number 616-07(075.8) ქ-15
100 ## - მთავარი ჩანაწერი - პიროვნების სახელი
Personal name ქავთარაძე, გიორგი
9 (RLIN) 6369
245 ## - ცნობა სათაურის შესახებ
Title დიაგნოსტიკური ძიება შინაგან სნეულებათა კლინიკაში :
Remainder of title სიმპტომიდან დიაგნოზამდე-სინდრომული ძიება, გამოკვლევის პროგრამები, შინაგანი სნეულებების პათოგნომური სიმპტომოკომპლექსები : სახელმძღვ. უმაღლ. სასწ. სტუდ., რეზიდენტებისა და ექიმებისთვის /
Statement of responsibility, etc გიორგი ქავთარაძე ; [თანაავტ.: მიხეილ წვერავა [და სხვ.] ; სარედ. ჯგ.: გაიანე სიმონია [და სხვ.]].
264 ## - წარმოების, გამოცემის, დისტრიბუციის და სხვა ცნობები
გამოცემის, წარმოების, დისტრიბუციის... ადგილი თბილისი :
გამოცემის, წარმოების, დისტრიბუციის... სახელწოდება ცოდნა,
გამოცემის, წარმოების, დისტრიბუციის... თარიღი 2009.
300 ## - ფიზიკური აღწერა
Extent 752 გვ. :
Other physical details ცხრ. ;
Dimensions 26 სმ.
504 ## - BIBLIOGRAPHY, ETC. NOTE
Bibliography, etc ბიბლიოგრ.: გვ. 743-745.
653 ## - INDEX TERM--UNCONTROLLED
Uncontrolled term შინაგანი დაავადებების დიაგნოსტიკა
653 ## - INDEX TERM--UNCONTROLLED
Uncontrolled term მედიცინა
700 ## - ADDED ENTRY--PERSONAL NAME
Personal name წვერავა, მიხეილ
Relator term ავტორი
9 (RLIN) 6370
700 ## - ADDED ENTRY--PERSONAL NAME
Personal name ბასიშვილი, ნათელა
Relator term ავტორი
9 (RLIN) 6371
700 ## - ADDED ENTRY--PERSONAL NAME
Personal name კირტავა, ზვიად და სხვ.
Relator term ავტორი
9 (RLIN) 6372
700 ## - ADDED ENTRY--PERSONAL NAME
Personal name სიმონია, გაიანე
Relator term რედაქტორი
9 (RLIN) 6366
700 ## - ADDED ENTRY--PERSONAL NAME
Personal name სულაქველიძე, მაია
Relator term რედაქტორი
9 (RLIN) 6367
942 ## - ADDED ENTRY ELEMENTS (KOHA)
Koha item type წიგნი
Source of classification or shelving scheme
ეგზემპლარები
ჩამოწერის სტატუსი დაკარგული ეგზემპლარის სტატუსი კლასიფიკაციის წყარო ან თაროზე გაწყობის სქემა დაზიანების სტატუსი არ გაიცემა მუდმივი მდებარეობა (დაცვის ადგილი) ამჟამინდელი ადგილსამყოფელი შეძენის თარიღი ღირებულება, შესყიდვის ნორმალური ფასი სრული შენახვის შიფრი შტრიხკოდი ბოლო ოპერაციის თარიღი ეგზემპლარის მიმდევრობითი ნომერი (კეტერი?) ფასის ძალაში შესვლის თარიღი ეგზემპლარის სახეობა საჯარო შენიშვნა
          ბათუმის შოთა რუსთაველის სახელმწიფო უნივერსიტეტის მთავარი ბიბლიოთეკა ბათუმის შოთა რუსთაველის სახელმწიფო უნივერსიტეტის მთავარი ბიბლიოთეკა 2018-12-17 30.00 616-07(075.8) ქ-15 1065 2018-12-17 1065 2018-12-17 წიგნი 30 ლ.